=LDR 00000nam 2200000 4500 =001 INLIS000000000009603 =005 20130612101406 =008 ***********************************Ind** =035 ##$$0010-061300000009603 =041 ##$$a Ind =082 ##$$a 920 =090 ##$$a 920, Sud j =100 ##$$a Sudarmanto =245 ##$$a Jejak - Jejak Pahlawan, YB. Sudarmanto =260 ##$$a 1996 $b Jakarta =300 ##$$a 332 hlm, 21 cm =650 ##$$a Indonesia - Geografi =850 ##$$a NBPNMAT